Fiber optic cables : (Record no. 182944)
[ view plain ]
| 000 -LEADER | |
|---|---|
| fixed length control field | 00815 a2200229 4500 |
| 003 - CONTROL NUMBER IDENTIFIER | |
| control field | Nust |
| 005 - DATE AND TIME OF LATEST TRANSACTION | |
| control field | 20170207153254.0 |
| 010 ## - LIBRARY OF CONGRESS CONTROL NUMBER | |
| LC control number | 2001429647 |
| 020 ## - INTERNATIONAL STANDARD BOOK NUMBER | |
| International Standard Book Number | 3895781622 |
| 040 ## - CATALOGING SOURCE | |
| Transcribing agency | Nust |
| 082 00 - DEWEY DECIMAL CLASSIFICATION NUMBER | |
| Classification number | 621.38275 |
| 245 10 - TITLE STATEMENT | |
| Title | Fiber optic cables : |
| Remainder of title | fundamentals, cable design, system planning / |
| Statement of responsibility, etc. | [edited] by G赮ther Mahlke and Peter G诳sing. |
| 250 ## - EDITION STATEMENT | |
| Edition statement | 4th rev. and enl. ed. |
| 260 ## - PUBLICATION, DISTRIBUTION, ETC. | |
| Place of publication, distribution, etc. | Munich : |
| Name of publisher, distributor, etc. | Publicis MCD Corporate Pub., |
| Date of publication, distribution, etc. | 2001. |
| 300 ## - PHYSICAL DESCRIPTION | |
| Extent | 304 p. : |
| Other physical details | ill. (some col.) ; |
| Dimensions | 23 cm. |
| 650 #0 - SUBJECT ADDED ENTRY--TOPICAL TERM | |
| Topical term or geographic name entry element | Fiber optics. |
| 650 #0 - SUBJECT ADDED ENTRY--TOPICAL TERM | |
| Topical term or geographic name entry element | Optical communications. |
| 700 1# - ADDED ENTRY--PERSONAL NAME | |
| Personal name | G诳sing, Peter. |
| 700 1# - ADDED ENTRY--PERSONAL NAME | |
| Personal name | Mahlke, G赮ther. |
| 856 42 - ELECTRONIC LOCATION AND ACCESS | |
| Materials specified | Publisher description |
| Uniform Resource Identifier | <a href="http://www.loc.gov/catdir/description/wiley037/2001429647.html">http://www.loc.gov/catdir/description/wiley037/2001429647.html</a> |
| 856 42 - ELECTRONIC LOCATION AND ACCESS | |
| Materials specified | Table of contents |
| Uniform Resource Identifier | <a href="http://www.loc.gov/catdir/toc/wiley021/2001429647.html">http://www.loc.gov/catdir/toc/wiley021/2001429647.html</a> |
| 942 ## - ADDED ENTRY ELEMENTS (KOHA) | |
| Source of classification or shelving scheme | |
| Koha item type | Book |
| Withdrawn status | Lost status | Source of classification or shelving scheme | Damaged status | Not for loan | Collection code | Permanent Location | Current Location | Date acquired | Total Checkouts | Full call number | Barcode | Date last seen | Price effective from | Koha item type |
|---|---|---|---|---|---|---|---|---|---|---|---|---|---|---|
| Military College of Signals (MCS) | Military College of Signals (MCS) | 12/12/2016 | 621.3827 GAL | MCS21842 | 12/08/2016 | 12/12/2016 | Book |
